00670nam a2200193 a 450000100100000000500170001000800410002702000150006804000250008308200200010810000320012824500930016026000450025330000200029850000630031865000240038165000270040570000440043200001367620240530073932.0091127s2002 dr 000 j spa d a9993486493 aDO-SdBNPbspacBNPHU aCu864.44bA676r1 aArdavín, Carlos X.d1967-10aRetrato del crítico bisoño /cCarlos X. Ardavín ; prólogo Diógenes Céspedes. aSanto Domingo :bLetra Gráfica,c2002. a82 p. ;c20 cm. aIncluye datos biográficos del autor en la contracubierta 0aEnsayos dominicanos 0aLiteratura dominicana.12aCéspedes, Diógenes,d1941-epról.